| 000 | 00561nam a22001817a 4500 | ||
|---|---|---|---|
| 005 | 20250612143758.0 | ||
| 010 | _aENG-145317 | ||
| 020 |
_a9788195048649 _c190.00 |
||
| 035 | _aEN-128849 | ||
| 037 | _bDBAD | ||
| 082 | _a260 | ||
| 100 |
_aGodbole, Arvind S. _981945 |
||
| 245 |
_aPhilosophy Of Sri Guru Grantha Sahib Ji/ _cby Arvind Godbole |
||
| 260 |
_bSamvit Prakashan and Media PVT. LTD _c2021 _a Delhi |
||
| 270 |
_a1585,1654,madarsa road, kashmere gate _b Delhi _e 110006 |
||
| 300 |
_a144p.; _c22cm(pb) |
||
| 942 |
_2ddc _cEN _mGOD _h260 |
||
| 999 |
_c211761 _d211761 |
||